00589cam a22001691 4500001001000000003000900010005001700019008004100036040002500077245007200102260005400174300002400228700003100252942001400283952010500297999001700402000019868DO-SdBNP20250506103558.0720411s1965 cd 000 0 eng  aDO-SdBNPbspacBNPHU00aReader's digest condensed books /cMary Higgins Clark ... [et al.]. aMontreal :bThe Reader's diges Asociation,c1965. av. :bil. ;c20 cm.12aHiggins Clark, Mery942395 2ddccLBS1 001050718MOaGRbGRcCTd2010-07-08iLF1l0o p19868-10r2020-06-25w2020-06-25y1ZNo se presta c19381d19381